Country Flags by Subdivision Flags - Statistics

General Stats
  • This quiz has been taken 33 times
  • The average score is 38 of 130
Answer Stats
Picture Answer % Correct
United States
100%
China
86%
United Kingdom
86%
Brazil
83%
Canada
72%
Germany
72%
Denmark
66%
Spain
62%
Australia
59%
France
59%
Georgia
59%
Tanzania
59%
Egypt
55%
Japan
55%
Poland
55%
Turkey
55%
Uzbekistan
55%
Belgium
52%
Grenada
52%
Liberia
52%
Netherlands
52%
Papua New Guinea
52%
Saint Kitts and Nevis
52%
Ireland
48%
Israel
48%
Russia
48%
Solomon Islands
48%
Argentina
45%
India
45%
Iraq
45%
Somalia
45%
Andorra
41%
Austria
41%
Comoros
41%
Italy
41%
Malaysia
41%
Peru
41%
Switzerland
41%
Taiwan
41%
Kazakhstan
38%
Micronesia
38%
Paraguay
38%
Romania
38%
San Marino
38%
South Korea
38%
Guinea
34%
Iran
34%
Nigeria
34%
Pakistan
34%
Portugal
34%
Thailand
34%
Ukraine
34%
Bahrain
31%
Democratic Republic of Congo
31%
Indonesia
31%
Serbia
31%
Chile
28%
Kyrgyzstan
28%
Lithuania
28%
Mongolia
28%
New Zealand
28%
United Arab Emirates
28%
Uruguay
28%
Antigua and Barbuda
24%
Armenia
24%
Greece
24%
Hungary
24%
Bosnia and Herzegovina
21%
Bulgaria
21%
Czechia
21%
Marshall Islands
21%
Moldova
21%
Mozambique
21%
Myanmar
21%
Norway
21%
South Africa
21%
Belarus
17%
Belize
17%
Gabon
17%
Jordan
17%
Kuwait
17%
Latvia
17%
São Tomé and Príncipe
17%
Sri Lanka
17%
Tunisia
17%
Zambia
17%
Zimbabwe
17%
Colombia
14%
Ecuador
14%
El Salvador
14%
Guatemala
14%
Honduras
14%
Iceland
14%
Liechtenstein
14%
Luxembourg
14%
Sweden
14%
Vanuatu
14%
Estonia
10%
Ethiopia
10%
Guyana
10%
Kosovo
10%
Montenegro
10%
Morocco
10%
Nepal
10%
North Korea
10%
Panama
10%
Timor Leste
10%
Uganda
10%
Costa Rica
7%
Croatia
7%
Cuba
7%
Cyprus
7%
Lebanon
7%
Malta
7%
Mauritius
7%
North Macedonia
7%
Palau
7%
Slovakia
7%
Slovenia
7%
South Sudan
7%
Sudan
7%
Syria
7%
Venezuela
7%
Benin
3%
Equatorial Guinea
3%
Finland
3%
Mexico
3%
Nicaragua
3%
Bolivia
0%
Togo
0%
No matching quizzes found
Score Distribution
Percent of People with Each Score
Percentile by Number Answered
Your Score History
You have not taken this quiz